| 000 | 00000nam##2200000za#4500 |
| 001 | 9.699033 |
| 003 | CaOODSP |
| 005 | 20210625000211 |
| 007 | cr ||||||||||| |
| 008 | 150407|1996||||xxc|||||o f|0| 0 eng|d |
| 040 | |aCaOODSP|beng |
| 043 | |an-cn--- |
| 086 | 1 |aF2-111/1996E-PDF |
| 110 | 1 |aCanada. |bDepartment of Finance. |
| 245 | 10|aExplanatory notes to a ways and means motion amending the Income Tax Act and related Acts / |h[electronic resource]|cissued by The Honourable Paul Martin, P.C., M.P. Minister of Finance. |
| 260 | |bFinance Canada |cJune 1996. |
| 300 | |a373p. |
| 500 | |aThe catalogue number (F2-111/1996E) and ISBN (0-660-16512-0) for the print edition have been incorrectly copied in this electronic publication. |
| 590 | |a14-06-Supp|b2014-03-21 |
| 690 | 07|aIncome tax|2gcpds |
| 775 | 08|tNotes explicatives sur l'Avis de motion des voies et moyens visant à modifier la Loi de l'impôt sur le revenu et des lois connexes / |w(CaOODSP)9.643022 |
| 856 | 40|ahttp://publications.gc.ca|qPDF|s697 KB|uhttps://publications.gc.ca/collections/Collection-R/Finance/Budget96/96eni2-e.pdf |